|
|
|
|
| LEADER |
00000nam0a2200000 4500 |
| 001 |
191991 |
| 005 |
20231101224404.0 |
| 010 |
|
|
|a 9785241010629
|
| 035 |
|
|
|a (RuTPU)RU\TPU\book\209357
|
| 035 |
|
|
|a RU\TPU\book\157496
|
| 090 |
|
|
|a 191991
|
| 100 |
|
|
|a 20081015d2011 km y0rusy50 ca
|
| 101 |
0 |
|
|a rus
|
| 102 |
|
|
|a RU
|
| 105 |
|
|
|a a eg 001zy
|
| 200 |
1 |
|
|a Экология и окружающая среда
|e словарь-справочник
|f В. А. Вронский
|
| 210 |
|
|
|a Ростов-на-Дону
|c МарТ
|d 2011
|
| 215 |
|
|
|a 429 с.
|c ил.
|
| 225 |
1 |
|
|a Учебный курс
|
| 320 |
|
|
|a Библиогр.: с. 421-427.
|
| 330 |
|
|
|a В книге представлено толкование 1000 терминов по всем разделам общей и прикладной экологии (промышленная, сельскохозяйственная, социальная, медицинская, экология города, экология человека и пр.). Подробно освещены новые понятия по экологической безопасности и сертификации, аудиту, экобиэнесу, экологии жилища и т.д. Термины расположены в альфавитном порядке. Текст дополняют 51 рисунок и 42 таблицы. Учебное пособие предназначено для студентов и преподавателей естественных и гуманитарных факультетов вузов, учителей и учащихся средних школ, лицеев, колледжей, а также для широкого круга специалистов в области экологии, природопользования и охраны окружающей среды.
|
| 606 |
1 |
|
|a Экология в целом
|2 stltpush
|3 (RuTPU)RU\TPU\subj\39023
|9 59264
|
| 610 |
1 |
|
|a окружающая среда
|
| 610 |
1 |
|
|a словари
|
| 610 |
1 |
|
|a справочники
|
| 610 |
1 |
|
|a термины
|
| 610 |
1 |
|
|a определения
|
| 675 |
|
|
|a 504(03)
|v 3
|
| 700 |
|
1 |
|a Вронский
|b В. А.
|g Владимир Александрович
|
| 801 |
|
1 |
|a RU
|b 63413507
|c 20110215
|
| 801 |
|
2 |
|a RU
|b 63413507
|c 20150522
|g RCR
|
| 900 |
|
|
|a Экология
|
| 942 |
|
|
|c BK
|
| 959 |
|
|
|a 26/20110215
|d 2
|e 227,00
|f ЧЗГЛ:1
|f АНЛ:1
|